Flags Of Countries In The Southern Hemisphere - Statistics

General Stats
  • This quiz has been taken 17 times
  • The average score is 41 of 48
Answer Stats
Picture Answer % Correct
Australia
100%
Brazil
100%
New Zealand
100%
Argentina
92%
Chile
92%
Kenya
92%
Maldives
92%
South Africa
92%
Angola
83%
Bolivia
83%
Botswana
83%
Burundi
83%
Colombia
83%
Comoros
83%
D.R. Congo
83%
East Timor
83%
Ecuador
83%
Equatorial Guinea
83%
Eswatini
83%
Fiji
83%
Gabon
83%
Indonesia
83%
Kiribati
83%
Lesotho
83%
Madagascar
83%
Malawi
83%
Mauritius
83%
Mozambique
83%
Namibia
83%
Nauru
83%
Papua New Guinea
83%
Paraguay
83%
Peru
83%
Rep. of the Congo
83%
Rwanda
83%
Samoa
83%
Sao Tome & Principe
83%
Seychelles
83%
Solomon Islands
83%
Somalia
83%
Tanzania
83%
Tonga
83%
Tuvalu
83%
Uganda
83%
Uruguay
83%
Vanuatu
83%
Zambia
83%
Zimbabwe
83%
No matching quizzes found
Score Distribution
Percent of People with Each Score
Percentile by Number Answered
Your Score History
You have not taken this quiz